Способ аналогового воспроизведения нелинейных зависимстей на основе аппроксимации их дугами окружностей; Электрические системы и управление ими

Bibliografske podrobnosti
Parent link:Электрические системы и управление ими.— 1978
Glavni avtor: Самокиш В. В.
Drugi avtorji: Гусев А. С. Александр Сергеевич, Шмойлов А. В. Анатолий Васильевич
Izvleček:В фонде НТБ ТПУ отсутствует
Jezik:ruščina
Izdano: 1978
Teme:
Format: MixedMaterials Book Chapter
KOHA link:https://koha.lib.tpu.ru/cgi-bin/koha/opac-detail.pl?biblionumber=602447

MARC

LEADER 00000naa0a2200000 4500
001 602447
005 20250303112423.0
035 |a (RuTPU)RU\TPU\tpu\28294 
035 |a RU\TPU\tpu\28293 
090 |a 602447 
100 |a 20160401d1978 k y0rusy50 ca 
101 0 |a rus 
102 |a RU 
200 1 |a Способ аналогового воспроизведения нелинейных зависимстей на основе аппроксимации их дугами окружностей   |f В. В. Самокиш, А. С. Гусев, А. В. Шмойлов 
333 |a В фонде НТБ ТПУ отсутствует 
463 |t Электрические системы и управление ими  |o межвуз. научн.-техн. сб. статей  |n [Б. и.]  |d 1978 
610 1 |a труды учёных ТПУ 
610 1 |a сборники 
700 1 |a Самокиш  |b В. В. 
701 1 |a Гусев  |b А. С.  |c специалист в области электроэнергетики  |c профессор Томского политехнического университета, доктор технических наук  |f 1947-  |g Александр Сергеевич  |3 (RuTPU)RU\TPU\pers\26725 
701 1 |a Шмойлов  |b А. В.  |c специалист в области электроэнергетики  |c доцент Томского политехнического университета, кандидат технических наук  |f 1939-  |g Анатолий Васильевич  |3 (RuTPU)RU\TPU\pers\26025 
801 1 |a RU  |b 63413507  |c 20160401 
801 2 |a RU  |b 63413507  |c 20160401  |g RCR 
942 |c BK